(Record no. 186258)

MARC details
000 -LEADER
fixed length control field 00453nam a2200157Ia 4500
003 - CONTROL NUMBER IDENTIFIER
control field IQ-KOUCL
041 ## - LANGUAGE CODE
Language code of text/sound track or separate title Arabic
082 ## - DEWEY DECIMAL CLASSIFICATION NUMBER
Classification number 210,72 cut-398 ر
100 ## - MAIN ENTRY--PERSONAL NAME
Personal name 20260118u\\\\\\\\\\\y0engy0103\\\\ba
Personal name عمر اسماعيل رحيم
245 #0 - TITLE STATEMENT
Title الامة في الرؤية الاسلامية
250 ## - EDITION STATEMENT
Edition statement ط1
260 ## - PUBLICATION, DISTRIBUTION, ETC. (IMPRINT)
Name of publisher, distributor, etc ريدار للطباعة والنشر
Place of publication, distribution, etc الرياض - السعودية
Date of publication, distribution, etc 2023
300 ## - PHYSICAL DESCRIPTION
Extent 342
942 ## - ADDED ENTRY ELEMENTS (KOHA)
Koha item type Books
Holdings
Withdrawn status Lost status Damaged status Not for loan Collection code Home library Current library Shelving location Date acquired Total Checkouts Full call number Barcode Date last seen Copy number Price effective from Koha item type
          Koya University Central Library Koya University Central Library Books 18/01/2026   210,72 cut-398 ر 0000069316 18/01/2026 1 18/01/2026 Books